Quando a primavera chegar (Record no. 156799)
[ view plain ]
| 000 -LÍDER | |
|---|---|
| campo de controle de tamanho fixo | 00398 a2200169 4500 |
| 001 - NÚMERO DE CONTROLE | |
| campo de controle | 156799 |
| 020 ## - ISBN - INTERNATIONAL STANDARD BOOK NUMBER | |
| ISBN - International Standard Book Number | 9788526023444 |
| 040 ## - FONTE DA CATALOGAÇÃO | |
| Instituição que transcreveu o registro | Escola São Tomás de Aquino |
| 100 ## - ENTRADA PRINCIPAL--NOME PESSOAL | |
| Nome pessoal | COLASANTI, Marina |
| 240 10 - TÍTULO UNIFORME | |
| Título uniforme | Quando a primavera chegar |
| Idioma da obra | por |
| 245 10 - TÍTULO | |
| Título | Quando a primavera chegar |
| 300 ## - DESCRIÇÃO FÍSICA | |
| Extensão | 110 p. |
| 362 0# - DATAS DE PUBLICAÇÃO E/OU DESIGNAÇÃO SEQUENCIAL | |
| Datas de publicação e/ou designação sequencial | 2017 |
| 440 #1 - DECLARAÇÃO DE SÉRIE/ENTRADA ADICIONADA--TÍTULO | |
| Título | Global |
| 697 ## - ENTRADA DE ASSUNTO LOCAL--ENTIDADE COLETIVA (RLIN) | |
| Nome corporativo ou nome da jurisdição | LITERATURA BRASILEIRA |
| 942 ## - ELEMENTOS DE ENTRADA ADICIONADOS (KOHA) | |
| Tipo de material Koha | Livros |
| Situação do descarte | Situação das perdas | Situação física | Não pode ser emprestado | Biblioteca de origem | Biblioteca atual | Data de aquisição | Total de empréstimos | Número de chamada completo | Código de barras | Data de último acesso | Data do preço efetivo | Tipo de material Koha | Fonte da classificação ou esquema de arquivamento na estante | Coleção | Nota pública |
|---|---|---|---|---|---|---|---|---|---|---|---|---|---|---|---|
| ESTA - SÃO BENTO | ESTA - SÃO BENTO | 30/04/2024 | B869 COL QUA | EST00011201 | 30/04/2024 | 30/04/2024 | Livros | ||||||||
| Novo Tempo - Aureliano São José | Novo Tempo - Aureliano São José | 02/05/2024 | nt6 | 02/05/2024 | 02/05/2024 | Livros | Classificação Decimal de Dewey | Ficção | Estante Branca | ||||||
| Novo Tempo - Aureliano São José | Novo Tempo - Aureliano São José | 02/05/2024 | nt84 | 02/05/2024 | 02/05/2024 | Livros | Classificação Decimal de Dewey | Estante Branca |